000 nam a22 7a 4500
999 _c9921
_d9921
008 180208b ||||| |||| 00| 0 eng d
100 _aSharma, O P
_95984
245 _aRules of Games and Sports
260 _aNew Delhi
_bK S K Publication
_c2008